Daniel Caesar Charting Songs (Billboard Hot 100) - Statistics

General Stats
  • This quiz has been taken 279 times
    41 since last reset
  • The average score is 4 of 6
Answer Stats
Album Weeks On Peak Artist(s) Song % Correct
Freudian 19 Weeks #75 Daniel Caesar & H.E.R. Best Part
94%
Justice 30 Weeks #1 (1 Week) Justin Bieber ft. Daniel Caesar & Giveon Peaches
88%
Freudian 6 Weeks #93 Daniel Caesar ft. Kali Uchis Get You
82%
Son of Spergy 17 Weeks #52 Daniel Caesar Who Knows
73%
CHROMAKOPIA 9 Weeks #7 Tyler, The Creator ft. Daniel Caesar ST. CHROMA
58%
CHROMAKOPIA 3 Weeks #42 Tyler, The Creator ft. Daniel Caesar & LaToiya Williams TAKE YOUR MASK OFF
39%
No matching quizzes found
Score Distribution
Percent of People with Each Score
Percentile by Number Answered
Your Score History
You have not taken this quiz since the last reset